LEADER 01464nam a2200349 u 4500 001 000000066740 003 CaOOAMICUS 005 20070226121617.0 008 020123s1983 gw u000 u ger u 020 $a3170078852 (v.1) 020 $a3170081144 (v.2) 035 $a10917702 040 $aPUL(R)$bita 245 10$aMittelalter /$cMartin Greschat (Hrsg.) 260 $aStuttgart :$bW. Kohlhammer,$cc1983. 300 $a2 v. ;$c24 cm 490 1 $aGestalten der Kirchengeschichte ;$vBd. 3-4 500 $aComprende indice. 504 $aBibliografia in nota. 650 4$aTeologia medievale.$0(OLS)http://pul/subject/885 700 1 $aGreschat, Martin,$d1934-2017.$0(OLS)http://pul/name/35349 830 0$aGestalten der Kirchengeschichte ;$vBd. 3-4.$0(OLS)http://pul/title/88579 850 $aPUL 852 $aPUL$W1$xSL Filosofia 1$y2$m105(1) F 3-4$j86313$nBK-PRI$b $qStampati$B86313$CPULBib$Z2$F86313 $H $81 852 $aPUL$W1$xSL Filosofia 1$y2$m105(1) F 3-4$j86313$nBK-PRI$b $qStampati$B86314$CPULBib$Z2$F86314 $H $81 941 1 $a8 961 $aINV: 53283 - 53284 961 $aINV: 53283 - 53284 996 $6020$a3170078852 (v.1)$9(OLS)http://pul/number/86573 996 $6020$a3170081144 (v.2)$9(OLS)http://pul/number/86574 996 $6245$aMittelalter$9(OLS)http://pul/title/88586 996 $6260$aStuttgart :$bW. Kohlhammer$9(OLS)http://pul/publisher/48214 LEADER 01230nam a2200253 u 4500 001 000000087605 003 CaOOAMICUS 005 20070226124426.0 008 051017s1960 sp u000 u spa u 035 $a11064175 040 $aPUL(R)$bita 100 1 $aCaballero Cuesta, José María.$0(OLS)http://pul/name/53998 245 10$aAnalisis y ambientacion de los textos de Jeremias relativos a la reatauracion de Israel /$cpor José Ma. Caballero Cuesta. 260 $aBurgos :$bAldecoa,$c1960. 300 $a64 p. ;$c26 cm 500 $aIn testa al front.: "Publicaciones de la Facultad Teol{dbldotb}gica del Norte de España". 630 04$aBiblia.$pV.T.$pIeremias.$0(OLS)http://pul/subject/7181 850 $aPUL 852 $aPUL$W1$xDP1 Fondo Pastorale$y55$mP1 E 29$j111039$nBK-PRI$b $qFondi$B111039$CPULBib$Z2$F111039 $HPUL2428 $81 852 $aPUL$W1$xDP1 Tesi Varie$y51$mTH VAR 137$j189858$qTesi$B192891$CPULBib$Z2$F192891 $81 941 1 $a1 960 $aBibbia.$aV. T.$aGeremia$97181 996 $6245$aAnalisis y ambientacion de los textos de Jeremias relativos a la reatauracion de Israel$9(OLS)http://pul/title/113340 996 $6260$aBurgos :$bAldecoa$9(OLS)http://pul/publisher/52528